Rugby - XV de l'Irlande pour le tournoi des 6 nations. - Statistiques

Statistiques générales
  • Ce quiz a été pris 73 fois
  • Le résultat moyen est 10 sur 15
Statistiques - réponses
Postes Joueurs % Correct
Ailier Lowe
91%
Demi de mêlée Gibson-Park
90%
Centre Aki
88%
Demi d'ouverture Prendergast
81%
Pilier Porter
79%
3ème ligne van der Flier
78%
3ème ligne Doris
76%
Arrière Keenan
74%
Centre Ringrose
72%
Ailier Hansen
57%
2ème ligne Beirne
55%
2ème ligne Ryan
47%
Talonneur Kelleher
38%
Pilier Bealham
31%
3ème ligne Baird
22%
Aucun quiz correspondant
Distribution des résultats
% des personnes avec chaque résultat
Percentile par nombre de réponses
Votre historique - résultats
Vous n’avez pas pris ce quiz